Pewná Náděge Blahoslawené Nesmrtedlnosti w kteréžto se Wysoce Včený a dwogj Cti hodný Pán Pawel Fabry ...

Bibliographic Details
Main Author: Plachý, Ondrej, 1755-1810 (Author)
Format: Book
Language:English
PhysicalDescription:8 s.
Published: W B. Bistricy wytisstěná v Jana Jozefa Tumlera 1785

MARC

LEADER 00000nam a2200000 a 4500
001 vtls010515318
003 SK-MaSNL
005 20260302054515.0
008 240318 000 0 eng
040 |a SNK  |b slo  |c SNK  |e AACR2 
041 0 |a eng 
100 1 |a Plachý, Ondrej,  |d 1755-1810  |4 aut  |9 222783 
245 1 0 |a Pewná Náděge Blahoslawené Nesmrtedlnosti w kteréžto se Wysoce Včený a dwogj Cti hodný Pán Pawel Fabry ...  |c Ondrej Plachý 
260 |a W B. Bistricy  |b wytisstěná v Jana Jozefa Tumlera  |c 1785 
300 |a 8 s. 
999 |c 1113556  |d 1115486 
952 |a SNK  |b SNK  |y PREZ  |7 0  |p 17A0715413  |o snkSC 993/1  |i snk1218/30  |3 Rekatalogizácia  |0 0  |1 0  |4 0  |d 2013-05-30  |l 0  |r 2025-06-04 00:00:00  |w 2026-02-24